000 00738nam a2200229 a 4500
008 951123s1983||||[C 0 slo c
020 _c32 Kčs.
_q(2000 výtl.)
040 _aSNK
_bslo
_cSNK
_eAACR2
041 1 _aslo
_hrus
044 _axo
_cSK
080 _a1 100.582.3
245 1 0 _aDialektika vývinu socialistickej spoločnosti ; Dušan Petrák, Eugen Hanisko, Jozef Szabó
250 _a1., vyd.
260 _aBratislava
_bPravda
_c1983
_eBratislava
_fPravda
300 _a392 s., 21,72 AH
_c21 cm
490 0 _aMarxisticko-leninská filozofia
500 _a345 zázn. v slov., češ., ruš., nem. a franc.
700 1 _aPetrák, Dušan
_4trl
700 1 _aHanisko, Eugen
_4[ADC]
700 1 _aSzabó, Jozef
_4bkd
958 _aA
999 _c15539
_d15539